000 00604nam a2200181Ia 4500
003 IN-BaIIA
008 211028s9999 xx 000 0 eng d
040 _cIIA Library
080 _a083.3:52
_bRIG
100 _aRigaux, Fernand
_910329
245 0 _aLes Observatoires Astronomiques Et Les Astronomes
_cFernand Rigaux
260 _aBruxelles
_bObservatoire Royal De Belgeique
_c1959
300 _a452p.
650 _aAstronomy and Astrophysics Thesaurus
650 _aCatalogue-Observatories
_910330
650 _aObservatories-Catalogue
_910331
942 _cBK
999 _c5957
_d5957